| 000 | 00883cam a22002655i 4500 | ||
|---|---|---|---|
| 001 | 19146517 | ||
| 003 | ARRUPE | ||
| 005 | 20160810113050.0 | ||
| 008 | 160622s2016 rh a b 000 0 eng | ||
| 010 | _a 2015334291 | ||
| 020 | _a9780797469532 | ||
| 040 |
_aDLC _beng _cDLC _erda |
||
| 042 | _alcode | ||
| 050 | _aDT3058.T65N337 | ||
| 100 | 1 |
_aNdlovu, Mary. _924711 |
|
| 245 | 1 | 4 |
_aThe zambezi valley refrain : _bthe story of Basilwizi, 2002-2015 _c/ Mary Ndlovu. |
| 260 |
_aBulawayo _bBasilwizi _c2016 |
||
| 300 |
_axi, 201 p.; _billustrations ; _c21 cm |
||
| 504 | _aIncludes bibliographical references (pages 195-197). | ||
| 650 |
_aTonga (African people) _xSocial life and conditions _924712 |
||
| 650 |
_aTonga (African people) _xEconomic conditions _924713 |
||
| 906 |
_a0 _bibc _corigode _d3 _encip _f20 _gy-gencatlg |
||
| 942 |
_2lcc _cMONOGRAPH |
||
| 999 |
_c124887 _d124887 |
||